Normal view MARC view
  • Guerra de la Independencia, 1806-1830 (América del Sur)

Entry TÉRMINO TEMÁTICO

Number of records used in: 3

001 - NUMERO DE CONTROL DEL REGISTRO

  • campo de control: 105619

003 - IDENTIFICADOR DEL NUMERO DE CONTROL

  • campo de control: ES-SlBCS

005 - FECHA Y HORA DE LA ULTIMA TRANSACCION

  • campo de control: 20210327224137.0

008 - ELEMENTOS DE LONGITUD FIJA

  • campo de control de longitud fija: 210327|| aca||aabn | a|a d

040 ## - FUENTE DE LA CATALOGACION

  • Agencia que crea de manera original el registro: ES-SlBCS
  • Agencia que realiza la transcripción: ES-SlBCS

150 ## - ENCABEZAMIENTO - TEMÁTICO

  • Encabezamiento temático: Guerra de la Independencia, 1806-1830 (América del Sur)

670 ## - FUENTE EN LA QUE SE LOCALIZARON DATOS

  • Cita de la fuente: Work cat.: (ES-SlBCS)466854: Villanueva, Carlos a (1865-1925) 105617, Fernando VII y los nuevos estados , , [1912]

Bibliotecas Dominicos Provincia Hispania, 2016

Con tecnología Koha